Central Library OPAC University of Rajshahi

Land-use controls : (Record no. 58819)

MARC details
000 -LEADER
fixed length control field 01062nam a2200337 a 4500
001 - CONTROL NUMBER
control field 58819
003 - CONTROL NUMBER IDENTIFIER
rucl marc code BD-RjUL
005 - DATE AND TIME OF LATEST TRANSACTION
control field 20211209080648.0
008 - FIXED-LENGTH DATA ELEMENTS--GENERAL INFORMATION
fixed length control field 161220s1981 mau 001 0 eng
035 ## - SYSTEM CONTROL NUMBER
System control number (OCoLC)7499715
System control number (OCoLC)ocm07499715
System control number (CStRLIN)NYCG83-B32475
System control number (BD-RjUL)58943
System control number (NNC)157567
040 ## - CATALOGING SOURCE
Modifying agency CStRLIN
Original cataloging agency BD-RjUL
Language of cataloging eng
Transcribing agency BD-RjUL
041 ## - LANGUAGE CODE
Language code of text/sound track or separate title eng
082 0# - DEWEY DECIMAL CLASSIFICATION NUMBER
Classification number 346.73045
Edition number 23
Author mark and year ELL 1981
090 ## - LOCALLY ASSIGNED LC-TYPE CALL NUMBER (OCLC); LOCAL CALL NUMBER (OCLC)
Classification number (OCLC) (R) ; Classification number, CALL (RLIN) (NR) KF5698.A4
Local cutter number (OCLC) ; Book number/undivided call number, CALL (RLIN) E4
100 1# - MAIN ENTRY--PERSONAL NAME
Personal name Ellickson, Robert C.
9 (RLIN) 174872
245 10 - TITLE STATEMENT
Title Land-use controls :
Remainder of title cases and materials /
Statement of responsibility, etc. Robert C. Ellickson, A. Dan Tarlock.
260 ## - PUBLICATION, DISTRIBUTION, ETC. (IMPRINT)
Place of publication, distribution, etc. Boston :
Name of publisher, distributor, etc. Little, Brown,
Date of publication, distribution, etc. c1981.
300 ## - PHYSICAL DESCRIPTION
Pagination xli, 1093 p. ;
Size 24 cm.
490 1# - SERIES STATEMENT
Series statement Law school casebook series
500 ## - GENERAL NOTE
General note Kept up to date by supplements.
General note Includes indexes.
650 #0 - SUBJECT ADDED ENTRY--TOPICAL TERM
Topical term or geographic name as entry element Land use
General subdivision Law and legislation
Geographic subdivision United States
Form subdivision Cases.
9 (RLIN) 174873
700 1# - ADDED ENTRY--PERSONAL NAME
Personal name Tarlock, A. Dan,
Dates associated with a name 1940-
830 #0 - SERIES ADDED ENTRY--UNIFORM TITLE
Uniform title Law school casebook series.
942 ## - ADDED ENTRY ELEMENTS (KOHA)
Source of classification or shelving scheme Dewey Decimal Classification
Koha item type Books
Holdings
Lost status Source of classification or shelving scheme Damaged status Not for loan Collection code Permanent Location Current Location Shelving location Date acquired Total Checkouts Full call number Date last seen Copy number Koha item type
  Dewey Decimal Classification   Not For Loan Non-fiction Central Library, University of Rajshahi Central Library, University of Rajshahi Reading Room 22/08/1985   346.73045 ELL 1981 20/12/2016 C-1 Books